Statistics for Lowest Percent of Population in The Capital - Oceania

Click here to take the quiz!

General Stats

  • This quiz has been taken 15 times
  • The average score is 5 of 5

Answer Stats

#PercentAnswer% Correct
1005.90%F.S. Micronesia / Palikir
100%
1104.35%New Zealand / Wellington
100%
1401.51%Palau / Ngerulmud
100%
1204.23%Papua New Guinea / Port Moresby
100%
1301.58%Australia / Canberra
93%

Score Distribution

Percentile by Number Answered

Percent of People with Each Score

Your Score History

You have not taken this quiz